000 00383nam a2200145Ia 4500
008 210210b2002 xxu||||| |||| 00| 0 eng d
020 _a81 7629 371 7
082 _a374 MOHA
100 _aMOHANTY (Jagannath).
245 _aAdult and non formal education.
260 _aND
_bDeep & Deep Publications Pvt Ltd.,
_c2002
300 _axix,532
690 _aEducation
906 _a059153
999 _c106342
_d106342